3 Communes les plus peuplées par département (hors IDF) - Statistiques

Statistiques générales
  • Ce quiz a été pris 51 fois
  • Le résultat moyen est 125 sur 264
Réponses sur la Carte
Les réponses sont colorées sur une échelle allant du rouge au vert en fonction du pourcentage des utilisateurs qui les ont devinées à leur premier essai. Vous pouvez retrouver ces pourcentages ci-dessous.
 
Statistiques - réponses
Département Population Réponse % Correct
59 236710 Lille
84%
67 291313 Strasbourg
84%
13 873076 Marseille
82%
29 139619 Brest
80%
69 522250 Lyon
80%
06 348085 Nice
80%
80 133625 Amiens
78%
33 261804 Bordeaux
78%
14 108200 Caen
78%
85 54952 La Roche-sur-Yon
78%
57 120874 Metz
78%
35 225081 Rennes
78%
42 172718 Saint-Étienne
78%
17 78535 La Rochelle
76%
76 166058 Le Havre
76%
34 302454 Montpellier
76%
66 119656 Perpignan
76%
76 114083 Rouen
76%
83 180452 Toulon
76%
31 504078 Toulouse
76%
54 104260 Nancy
73%
44 323204 Nantes
73%
49 157175 Angers
71%
60 56677 Beauvais
71%
62 67380 Calais
71%
63 147327 Clermont-Ferrand
71%
72 145004 Le Mans
71%
68 106341 Mulhouse
71%
45 116617 Orléans
71%
64 77066 Pau
71%
29 63642 Quimper
71%
59 98892 Roubaix
71%
50 19373 Saint-Lô
71%
2A 73822 Ajaccio
69%
74 131715 Annecy
69%
62 42600 Arras
69%
2B 48768 Bastia
69%
64 52749 Bayonne
69%
01 41525 Bourg-en-Bresse
69%
06 73255 Cannes
69%
38 157477 Grenoble
69%
56 57846 Lorient
69%
30 148104 Nîmes
69%
51 179380 Reims
69%
59 99011 Tourcoing
69%
26 64483 Valence
69%
84 90330 Avignon
67%
90 45155 Belfort
67%
73 59856 Chambéry
67%
08 46398 Charleville-Mézières
67%
28 38447 Chartres
67%
68 67730 Colmar
67%
21 159346 Dijon
67%
37 137658 Tours
67%
10 62782 Troyes
67%
69 156928 Villeurbanne
67%
13 147478 Aix-en-Provence
64%
61 25555 Alençon
64%
34 80341 Béziers
64%
62 40910 Boulogne-sur-Mer
64%
11 46218 Carcassonne
64%
05 40500 Gap
64%
53 49657 Laval
64%
87 129760 Limoges
64%
11 56395 Narbonne
64%
24 29516 Périgueux
64%
86 90240 Poitiers
64%
65 43955 Tarbes
64%
56 54420 Vannes
64%
89 34778 Auxerre
62%
40 21347 Dax
62%
04 17192 Digne-les-Bains
62%
27 47289 Évreux
62%
22 44224 Saint-Brieuc
62%
35 47323 Saint-Malo
62%
08 16608 Sedan
62%
81 49714 Albi
60%
13 50415 Arles
60%
25 119198 Besançon
60%
18 63702 Bourges
60%
36 42968 Châteauroux
60%
09 9472 Foix
60%
02 24021 Laon
60%
40 30674 Mont-de-Marsan
60%
79 59309 Niort
60%
12 24207 Rodez
60%
44 72057 Saint-Nazaire
60%
47 32485 Agen
58%
30 43892 Alès
58%
32 23041 Auch
58%
55 14668 Bar-le-Duc
58%
41 46813 Blois
58%
51 43877 Châlons-en-Champagne
58%
88 32285 Épinal
58%
43 18629 Le Puy-en-Velay
58%
33 75729 Mérignac
58%
42 34762 Roanne
58%
34 44712 Sète
58%
15 25815 Aurillac
56%
24 26323 Bergerac
56%
19 46599 Brive-la-Gaillarde
56%
29 20607 Concarneau
56%
83 57082 Fréjus
56%
23 12840 Guéret
56%
82 61919 Montauban
56%
58 32830 Nevers
56%
2A 11229 Porto-Vecchio
56%
17 25518 Saintes
56%
19 13992 Tulle
56%
03 25789 Vichy
56%
16 41086 Angoulême
53%
06 75130 Antibes
53%
46 20141 Cahors
53%
50 77808 Cherbourg-en-Cotentin
53%
60 36106 Creil
53%
28 30879 Dreux
53%
39 17043 Lons-le-Saunier
53%
03 19343 Moulins
53%
01 22277 Oyonnax
53%
09 16394 Pamiers
53%
52 21699 Chaumont
51%
49 53936 Cholet
51%
60 40394 Compiègne
51%
39 23775 Dole
51%
85 48402 Les Sables-d'Olonne
51%
48 12316 Mende
51%
12 21712 Millau
51%
26 40399 Montélimar
51%
33 66760 Pessac
51%
17 23092 Rochefort
51%
02 52958 Saint-Quentin
51%
69 66363 Vénissieux
51%
70 15130 Vesoul
51%
18 25348 Vierzon
51%
80 22595 Abbeville
49%
80 9781 Albert
49%
64 41153 Anglet
49%
74 37918 Annemasse
49%
81 42672 Castres
49%
35 20653 Fougères
49%
67 35715 Haguenau
49%
83 62763 La Seyne-sur-Mer
49%
65 13509 Lourdes
49%
71 34448 Mâcon
49%
25 25573 Montbéliard
49%
84 28949 Orange
49%
73 19812 Albertville
47%
05 10561 Briançon
47%
84 30769 Carpentras
47%
38 36849 Échirolles
47%
50 12581 Granville
47%
04 22926 Manosque
47%
89 27034 Sens
47%
55 16689 Verdun
47%
07 12360 Aubenas
44%
22 20344 Lannion
44%
14 19807 Lisieux
44%
02 28705 Soissons
44%
57 42163 Thionville
44%
74 37027 Thonon-les-Bains
44%
21 20032 Beaune
42%
86 31284 Châtellerault
42%
53 12900 Mayenne
42%
88 19319 Saint-Dié-des-Vosges
42%
44 49537 Saint-Herblain
42%
49 26215 Saumur
42%
19 9159 Ussel
42%
73 31874 Aix-les-Bains
40%
11 12448 Castelnaudary
40%
71 45031 Chalon-sur-Saône
40%
51 22001 Épernay
40%
03 33342 Montluçon
40%
25 17849 Pontarlier
40%
63 18736 Riom
40%
52 23068 Saint-Dizier
40%
68 22698 Saint-Louis
40%
79 19906 Bressuire
38%
16 18448 Cognac
38%
08 7425 Rethel
38%
15 6423 Saint-Flour
38%
07 16873 Annonay
36%
61 13291 Argentan
36%
31 40159 Colomiers
36%
72 14937 La Flèche
36%
09 6250 Saint-Girons
36%
76 28965 Sotteville-lès-Rouen
36%
41 15747 Vendôme
36%
46 9770 Figeac
33%
37 38183 Joué-lès-Tours
33%
56 23026 Lanester
33%
52 7697 Langres
33%
70 7918 Lure
33%
47 17239 Marmande
33%
57 21854 Montigny-lès-Metz
33%
26 32911 Romans-sur-Isère
33%
41 18115 Romorantin-Lanthenay
33%
72 12096 Sablé-sur-Sarthe
33%
42 35068 Saint-Chamond
33%
54 29537 Vandœuvre-lès-Nancy
33%
27 24543 Vernon
33%
47 21629 Villeneuve-sur-Lot
33%
43 7345 Yssingeaux
33%
23 3108 Aubusson
31%
32 6466 Condom
31%
54 17755 Lunéville
31%
67 34129 Schiltigheim
31%
14 22227 Hérouville-Saint-Clair
29%
36 10992 Issoudun
29%
23 4933 La Souterraine
29%
71 20731 Le Creusot
29%
30 18248 Bagnols-sur-Cèze
27%
85 22494 Challans
27%
21 14445 Chenôve
27%
58 9437 Cosne-Cours-sur-Loire
27%
45 22855 Olivet
27%
39 8727 Saint-Claude
27%
31 29439 Tournefeuille
27%
2B 9678 Borgo
24%
82 14178 Castelsarrasin
24%
27 18350 Louviers
24%
82 13748 Moissac
24%
38 38454 Saint-Martin-d'Hères
24%
04 7699 Sisteron
24%
01 16295 Valserhône
24%
66 12598 Canet-en-Roussillon
22%
55 5319 Commercy
22%
05 6404 Embrun
22%
61 14482 Flers
22%
48 4738 Marvejols
22%
10 14766 Romilly-sur-Seine
22%
63 20193 Cournon-d'Auvergne
20%
81 15663 Gaillac
20%
70 10478 Héricourt
20%
89 9218 Joigny
20%
32 9324 L'Isle-Jourdain
20%
79 14000 Thouars
20%
90 5680 Delle
18%
46 3946 Gourdon
18%
07 11203 Guilherand-Granges
18%
12 11873 Onet-le-Château
18%
87 11387 Saint-Junien
18%
53 16710 Château-Gontier-sur-Mayenne
16%
28 15602 Lucé
16%
48 4096 Saint-Chély-d'Apcher
16%
2B 7654 Biguglia
13%
40 14551 Biscarrosse
13%
43 8925 Monistrol-sur-Loire
13%
66 11550 Saint-Estève
13%
45 21700 Saint-Jean-de-Braye
13%
86 10105 Buxerolles
11%
36 7625 Déols
11%
88 8849 Golbey
11%
22 16845 Lamballe-Armor
11%
87 11064 Panazol
9%
37 17004 Saint-Cyr-sur-Loire
9%
18 9645 Saint-Doulchard
9%
16 9995 Soyaux
9%
90 5236 Valdoie
9%
58 9180 Varennes-Vauzelles
9%
15 6315 Arpajon-sur-Cère
7%
65 7982 Aureilhan
7%
2A 4251 Bastelicaccia
7%
24 10697 Boulazac Isle Manoire
7%
10 12775 Saint-André-les-Vergers
4%
Aucun quiz correspondant
Distribution des résultats
% des personnes avec chaque résultat
Percentile par nombre de réponses
Votre historique - résultats
Vous n’avez pas pris ce quiz